|
|
|
|
| LEADER |
00880nab a2200253 i 4500 |
| 001 |
publ19808 |
| 005 |
20201028083027.0 |
| 008 |
201028s2020 hu o 0|| zxx d |
| 022 |
|
|
|a 1860-5397
|
| 024 |
7 |
|
|a 10.3762/bjoc.16.208
|2 doi
|
| 024 |
7 |
|
|a 31638367
|2 mtmt
|
| 040 |
|
|
|a SZTE Publicatio Repozitórium
|b hun
|
| 041 |
|
|
|a zxx
|
| 100 |
1 |
|
|a Remete Attila Márió
|
| 245 |
1 |
0 |
|a Synthesis of novel fluorinated building blocks via halofluorination and related reactions
|h [elektronikus dokumentum] /
|c Remete Attila Márió
|
| 260 |
|
|
|c 2020
|
| 300 |
|
|
|a 2562-2575
|
| 490 |
0 |
|
|a BEILSTEIN JOURNAL OF ORGANIC CHEMISTRY
|v 16
|
| 700 |
0 |
1 |
|a Novák Tamás T.
|e aut
|
| 700 |
0 |
1 |
|a Nonn Melinda
|e aut
|
| 700 |
0 |
1 |
|a Haukka Matti
|e aut
|
| 700 |
0 |
1 |
|a Fülöp Ferenc
|e aut
|
| 700 |
0 |
1 |
|a Kiss Loránd
|e aut
|
| 856 |
4 |
0 |
|u http://publicatio.bibl.u-szeged.hu/19808/1/1860-5397-16-208.pdf
|z Dokumentum-elérés
|